Normal view
MARC view
Entry Personal Name
001 - CONTROL NUMBER
- control field: 439331
003 - CONTROL NUMBER IDENTIFIER
- control field:
005 - DATE AND TIME OF LATEST TRANSACTION
- control field: 20210602125752.0
008 - FIXED-LENGTH DATA ELEMENTS
- fixed length control field: 210602|| aca||aabn | a|a d
040 ## - CATALOGING SOURCE
- Original cataloging agency:
- Transcribing agency:
100 ## - HEADING--PERSONAL NAME
- Personal name: Scholem, Gershom G.
- Fuller form of name: (Gershom Gerhard),
- Dates associated with a name: 1897-1982
670 ## - SOURCE DATA FOUND
- Source citation: Work cat.: (): Scholem, Gershom G. (Gershom Gerhard), 1897-1982, Origins of the Kabbalah /, 1987
